00632nab a2200169 i 4500001000400000003000400004005001700008008003900025040000800064041000800072044000800080100012100088245011200209260001000321500004200331773008900373BPPBPK20150127113335.0150127s2001 pl n f |000 0eng cBPK aeng aPOL aBORKOWSKI, Józef.d1996 - .bPolitechnika Koszalińska - Wydział Mechaniczny,cKatedra Inżynierii Mechanicznej aPhysical basis of surface treatment with highpressure cryogenic mouliphase liquid jet /cJózef Borkowski. c2001. aDane z bibliografii załącznikowej. iW :tArchives of Civil and Mechanical Engineering. -g2001, Vol. 1, No. 1, pp. 19-37